Bez subvencie štátu zamestnali tisíc ľudí

Podpolianske strojárne PPS Group Detva ako špičkový partner kategórie A pre švédske Volvo. Reštrukturalizácia podniku, investície do informačného systému a dopracovaná organizačná štruktúra. Vnútorné ozdravenie fabriky, nové pracovné tímy a nové projekty. Dobrý styk so zákazníkmi, kvalita a dodržiav...

Ausführliche Beschreibung

Gespeichert in:
Bibliographische Detailangaben
1. Verfasser: Bucha, Tibor
Format: Buchkapitel
Sprache:Slowakisch
Schlagworte:
Tags: Tag hinzufügen
Keine Tags, Fügen Sie das erste Tag hinzu!

MARC

LEADER 00000naa$a2200000$$$4500
001 0032454
005 20231009070426.1
041 0 |a slo 
044 |a SK 
245 1 0 |a Bez subvencie štátu zamestnali tisíc ľudí  |c Tibor Bucha 
520 |a Podpolianske strojárne PPS Group Detva ako špičkový partner kategórie A pre švédske Volvo. Reštrukturalizácia podniku, investície do informačného systému a dopracovaná organizačná štruktúra. Vnútorné ozdravenie fabriky, nové pracovné tímy a nové projekty. Dobrý styk so zákazníkmi, kvalita a dodržiavanie termínov dodávky. Plány pre ďalší rozvoj fabriky 
610 2 0 |a priemysel strojársky 
610 2 0 |a podnik strojársky 
610 2 0 |a riadenie podnikové 
610 2 0 |a reštrukturalizácia 
610 2 0 |a reorganizácia 
610 2 0 |a zdroje ľudské 
610 2 0 |a investície 
610 2 0 |a technológie informačné 
610 2 0 |a spolupráca medzinárodná 
610 2 0 |a kvalita 
610 2 0 |a PPS Group, a.s., Detva 
100 1 |a Bucha, Tibor